[Event "BL2 Ost 2122 (Women)"]
[Site "Germany"]
[Date "2021.11.28"]
[Round "2.3"]
[White "Moses, Selina"]
[Black "Lowke, Kathrin"]
[Result "1-0"]
[WhiteElo "1862"]
[BlackElo "1863"]
[PlyCount "85"]
[EventDate "2021.11.27"]
[EventType "team-tourn"]
[EventRounds "7"]
[EventCountry "GER"]
[SourceTitle "EXT 2023"]
[Source "ChessBase"]
[SourceDate "2022.10.05"]
[SourceVersion "1"]
[SourceVersionDate "2022.10.05"]
[SourceQuality "1"]
[WhiteTeam "Coswig (W)"]
[BlackTeam "Leipzig Lindenau (W)"]
[WhiteTeamCountry "GER"]
[BlackTeamCountry "GER"]

1. e4 c5 2. Nf3 Nc6 3. d4 cxd4 4. Nxd4 g6 5. Nc3 Bg7 6. Be3 Nf6 7. Bc4 0-0 8. Bb3 d6 9. f3 Bd7 10. Qd2 Qa5 11. 0-0 h5 12. Rad1 Rac8 13. Nxc6 bxc6 14. Nd5 Qd8 15. Nf4 c5 16. Nxg6 c4 17. Nxf8 Qxf8 18. Bxc4 Rxc4 19. b3 Rc7 20. c4 Be6 21. Qa5 Rc8 22. Qg5 Kh7 23. Bd4 Bh6 24. Qh4 Qd8 25. Bxf6 exf6 26. Qxh5 Qb6+ 27. Kh1 Rh8 28. f4 Kg7 29. f5 Bd7 30. Qg4+ Kf8 31. Qg3 Ke7 32. Rd3 Bf8 33. Rfd1 Ke8 34. a3 a5 35. b4 axb4 36. axb4 Qxb4 37. Rb3 Qc5 38. Rb8+ Bc8 39. Qb3 Rh4 40. Qb5+ Qxb5 41. cxb5 Kd7 42. Rc1 Rxe4 43. Rbxc8 1-0

[Event "BL2 Ost 1920 (Women)"]
[Site "Germany"]
[Date "2020.02.02"]
[Round "5.2"]
[White "Beltz, Franziska"]
[Black "Lowke, Kathrin"]
[Result "1/2-1/2"]
[WhiteElo "2062"]
[BlackElo "1840"]
[PlyCount "66"]
[EventDate "2019.09.14"]
[EventType "team-tourn"]
[EventRounds "7"]
[EventCountry "GER"]
[SourceTitle "EXT 2021"]
[Source "ChessBase"]
[SourceDate "2020.10.23"]
[SourceVersion "1"]
[SourceVersionDate "2020.10.23"]
[SourceQuality "1"]
[WhiteTeam "Leipzig SG (W)"]
[BlackTeam "Leipzig Lindenau (W)"]
[WhiteTeamCountry "GER"]
[BlackTeamCountry "GER"]

1. e4 c5 2. Nf3 Nc6 3. d4 cxd4 4. Nxd4 g6 5. Nc3 Bg7 6. Be3 Nf6 7. Bc4 0-0 8. Bb3 d6 9. h3 Qa5 10. 0-0 Bd7 11. Re1 Rac8 12. Nf3 Rfd8 13. Bg5 Ne5 14. Nd5 Nxd5 15. exd5 Re8 16. c3 Bb5 17. Nxe5 dxe5 18. Qg4 Rc7 19. Qh4 Qa6 20. Re4 Qd6 21. Rae1 Bd3 22. R4e3 Qa6 23. Rd1 Bc4 24. f4 Bxb3 25. axb3 Qb6 26. fxe5 Bxe5 27. Kh1 f6 28. Qg4 Qxb3 29. Qe6+ Kg7 30. Rf1 Qb6 31. Rxe5 Qxe6 32. Rxe6 fxg5 33. Rfe1 Kf7 1/2-1/2

[Event "BL2 Ost 1920 (Women)"]
[Site "Germany"]
[Date "2019.09.14"]
[Round "1.2"]
[White "Pflug, Tanja"]
[Black "Lowke, Kathrin"]
[Result "1/2-1/2"]
[WhiteElo "2039"]
[BlackElo "1840"]
[PlyCount "68"]
[EventDate "2019.09.14"]
[EventType "team-tourn"]
[EventRounds "7"]
[EventCountry "GER"]
[SourceTitle "EXT 2021"]
[Source "ChessBase"]
[SourceDate "2020.10.23"]
[SourceVersion "1"]
[SourceVersionDate "2020.10.23"]
[SourceQuality "1"]
[WhiteTeam "Merseburg (W)"]
[BlackTeam "Leipzig Lindenau (W)"]
[WhiteTeamCountry "GER"]
[BlackTeamCountry "GER"]

1. d4 Nf6 2. Bf4 d6 3. e3 g6 4. Nd2 Bg7 5. Bd3 0-0 6. Ngf3 Nc6 7. c3 Qe8 8. Qc2 Nh5 9. Bg3 e5 10. dxe5 dxe5 11. 0-0-0 Be6 12. Bb5 Nxg3 13. hxg3 a6 14. Bd3 h6 15. Nh4 b5 16. f4 b4 17. c4 b3 18. axb3 Nb4 19. Qb1 Nxd3+ 20. Qxd3 Bg4 21. Rdf1 Rd8 22. Qc2 exf4 23. exf4 Qe3 24. f5 gxf5 25. Nxf5 Bxf5 26. Rxf5 Qxg3 27. Rff1 Rfe8 28. Nf3 Re3 29. Rd1 Rde8 30. Rh3 Qf4 31. Rh4 Qf6 32. Rhd4 Re2 33. R4d2 R2e3 34. Rd7 Re2 1/2-1/2

[Event "GER-ch (Women)"]
[Site "chess24.com INT"]
[Date "2019.05.30"]
[Round "6"]
[White "Burchardt, Brigitte"]
[Black "Lowke, Kathrin"]
[Result "1-0"]
[WhiteElo "2094"]
[BlackElo "1887"]
[PlyCount "83"]
[EventDate "2019.05.26"]
[EventType "swiss"]
[EventRounds "9"]
[EventCountry "GER"]
[SourceTitle "EXT 2020"]
[Source "ChessBase"]
[SourceDate "2019.10.17"]
[SourceVersion "1"]
[SourceVersionDate "2019.10.17"]
[SourceQuality "1"]
[WhiteTeam "Germany"]
[BlackTeam "Germany"]
[WhiteTeamCountry "GER"]
[BlackTeamCountry "GER"]

1. e4 c5 2. Nc3 Nc6 3. g3 g6 4. Bg2 Bg7 5. d3 d6 6. Be3 e6 7. Qd2 Rb8 8. Nge2 Nd4 9. Nd1 b5 10. c3 Nxe2 11. Qxe2 Qa5 12. 0-0 b4 13. c4 Ne7 14. f4 0-0 15. Kh1 Bb7 16. Qf2 Nc6 17. Qd2 Nd4 18. Nf2 Qc7 19. Rab1 a5 20. b3 Ra8 21. Nh3 a4 22. Ng5 axb3 23. axb3 Ra3 24. Qd1 Ra2 25. Rf2 Rfa8 26. Nf3 Nxf3 27. Qxf3 Bc3 28. g4 Ra1 29. Rff1 Rxb1 30. Rxb1 Ra2 31. f5 exf5 32. gxf5 Qe7 33. Qg4 Qe5 34. Bf4 Qd4 35. Qg3 Rxg2 36. Kxg2 Bxe4+ 37. dxe4 Qxe4+ 38. Qf3 Qxb1 39. Bxd6 Qa2+ 40. Kh3 Qa7 41. Qc6 Bd4 42. f6 1-0

[Event "GER-ch (Women)"]
[Site "chess24.com INT"]
[Date "2019.05.28"]
[Round "3"]
[White "Von Herman, Brigitte"]
[Black "Lowke, Kathrin"]
[Result "1-0"]
[WhiteElo "2064"]
[BlackElo "1887"]
[PlyCount "59"]
[EventDate "2019.05.26"]
[EventType "swiss"]
[EventRounds "9"]
[EventCountry "GER"]
[SourceTitle "EXT 2020"]
[Source "ChessBase"]
[SourceDate "2019.10.17"]
[SourceVersion "1"]
[SourceVersionDate "2019.10.17"]
[SourceQuality "1"]
[WhiteTeam "Germany"]
[BlackTeam "Germany"]
[WhiteTeamCountry "GER"]
[BlackTeamCountry "GER"]

1. e4 c5 2. c3 d5 3. exd5 Qxd5 4. d4 g6 5. Nf3 cxd4 6. cxd4 Qa5+ 7. Nc3 Bg7 8. Qb3 Nf6 9. Bc4 e6 10. 0-0 0-0 11. Bd2 Nc6 12. Rad1 a6 13. d5 exd5 14. Nxd5 Qc5 15. Be3 Qd6 16. Bf4 Qc5 17. Nxf6+ Bxf6 18. Bd6 Qh5 19. Bxf8 Kxf8 20. Bxf7 Bg4 21. Bg8 g5 22. Qxb7 Rc8 23. Bd5 Ne5 24. Nxe5 Bxe5 25. g3 Rb8 26. f3 Bh3 27. Qc6 Bxf1 28. Qc5+ Kg7 29. Qe7+ Kh6 30. Qxe5 1-0

[Event "BL2 Ost 1819 (Women)"]
[Site "Germany"]
[Date "2018.11.17"]
[Round "3.1"]
[White "Lowke, Kathrin"]
[Black "Cyfka, Karina"]
[Result "0-1"]
[WhiteElo "1889"]
[BlackElo "2404"]
[PlyCount "62"]
[EventDate "2018.10.27"]
[EventType "team-tourn"]
[EventRounds "7"]
[EventCountry "GER"]
[SourceTitle "CBM 190 Extra"]
[Source "ChessBase"]
[SourceDate "2019.07.15"]
[SourceVersion "1"]
[SourceVersionDate "2019.07.15"]
[SourceQuality "1"]
[WhiteTeam "Leipzig Lindenau (W)"]
[BlackTeam "Leipzig Blauweiss Allianz (W)"]
[WhiteTeamCountry "GER"]
[BlackTeamCountry "GER"]

1. e4 d6 2. d4 Nf6 3. Nc3 Nc6 4. f3 e5 5. Nge2 Be7 6. Be3 0-0 7. Qd2 a6 8. 0-0-0 b5 9. g4 exd4 10. Nxd4 Nxd4 11. Bxd4 Be6 12. g5 Nh5 13. h4 c6 14. Bh3 b4 15. Ne2 c5 16. Be3 Qa5 17. Bxe6 fxe6 18. Kb1 Rxf3 19. Nf4 Ng3 20. Qd3 Nxh1 21. Qe2 Nf2 22. Rf1 Qb5 23. Nd3 Nxd3 24. Qxf3 Rf8 25. Qh3 Rxf1+ 26. Qxf1 Ne5 27. Qh3 Qd7 28. h5 d5 29. Qg3 Bd6 30. exd5 Nc4 31. Bf4 Qf7 0-1

[Event "GER-chT Federal Cup (Women)"]
[Site "Braunfels"]
[Date "2018.05.31"]
[Round "1.6"]
[White "Lowke, Kathrin"]
[Black "Alt, Barbara"]
[Result "1-0"]
[WhiteElo "1908"]
[BlackElo "1520"]
[PlyCount "45"]
[EventDate "2018.05.31"]
[EventType "team-swiss"]
[EventRounds "5"]
[EventCountry "GER"]
[SourceTitle "EXT 2020"]
[Source "ChessBase"]
[SourceDate "2019.10.17"]
[SourceVersion "1"]
[SourceVersionDate "2019.10.17"]
[SourceQuality "1"]
[WhiteTeam "Sachsen (W)"]
[BlackTeam "Saarland SG (W)"]
[WhiteTeamCountry "GER"]
[BlackTeamCountry "GER"]

1. e4 b6 2. d4 Bb7 3. Nc3 e6 4. a3 Nf6 5. f3 Be7 6. Be3 0-0 7. Qd2 d6 8. Nge2 Nbd7 9. g4 c5 10. 0-0-0 Rc8 11. h4 cxd4 12. Nxd4 d5 13. g5 Ne8 14. exd5 exd5 15. Nf5 Bc5 16. Nxd5 Bxd5 17. Qxd5 Bxe3+ 18. Nxe3 Rc7 19. Bb5 Qe7 20. Qd2 Nd6 21. Nd5 Qd8 22. Nxc7 Nxb5 23. Nxb5 1-0

[Event "BL2 Ost 1718 (Women)"]
[Site "Germany"]
[Date "2018.02.17"]
[Round "6.2"]
[White "Brand, Kathrin"]
[Black "Lowke, Kathrin"]
[Result "1/2-1/2"]
[WhiteElo "1896"]
[BlackElo "1943"]
[PlyCount "148"]
[EventDate "2017.10.14"]
[EventType "team-tourn"]
[EventRounds "7"]
[EventCountry "GER"]
[SourceTitle "EXT 2019"]
[Source "ChessBase"]
[SourceDate "2018.10.10"]
[SourceVersion "1"]
[SourceVersionDate "2018.10.10"]
[SourceQuality "1"]
[WhiteTeam "Chemnitz Aufbau (W)"]
[BlackTeam "Leipzig Lindenau (W)"]
[WhiteTeamCountry "GER"]
[BlackTeamCountry "GER"]

1. e4 c5 2. d4 cxd4 3. Qxd4 Nc6 4. Qe3 g6 5. Bd2 Bg7 6. Bc3 Nf6 7. Nf3 a6 8. Bd3 b5 9. a3 0-0 10. 0-0 Bb7 11. Rd1 Qc7 12. h3 Rad8 13. Qe1 d5 14. exd5 Nxd5 15. Bxg7 Kxg7 16. Nc3 Nf4 17. Be4 e6 18. Rxd8 Rxd8 19. Rd1 Rxd1 20. Qxd1 f6 21. h4 Ne7 22. Bxb7 Qxb7 23. g3 Nfd5 24. Nxd5 Nxd5 25. Nd4 Qe7 26. Qd3 Nb6 27. Nc6 Qe8 28. Nd4 Nc4 29. Qc3 Qd7 30. a4 e5 31. Nf3 Qd1+ 32. Kg2 Qd5 33. Kh2 bxa4 34. b3 axb3 35. cxb3 Nd6 36. Nd2 Nb5 37. Qc1 Qd4 38. Kg2 Nc3 39. Nf3 Qd3 40. Qa3 Nd5 41. Qa4 Qb5 42. Qa3 Qe2 43. Qc5 Qd3 44. Qa7+ Kg8 45. Qb8+ Kf7 46. Qb7+ Ne7 47. Qb6 Qb5 48. Qxb5 axb5 49. Nd2 f5 50. Kf3 Ke6 51. Ke3 Kd5 52. Kd3 h6 53. f3 Nc6 54. Nb1 Nd4 55. Nd2 Kc5 56. g4 Kd5 57. Ke3 fxg4 58. fxg4 h5 59. gxh5 gxh5 60. Ne4 Nf5+ 61. Kd3 Nxh4 62. Nf6+ Ke6 63. Nxh5 Nf5 64. Ke4 Nd6+ 65. Kd3 Kf5 66. Ng3+ Kf4 67. Ne2+ Kf3 68. Ng1+ Kf2 69. Nh3+ Ke1 70. Ng5 Kd1 71. Ne6 e4+ 72. Kd4 Kd2 73. Kc5 e3 74. Nf4 Ne4+ 1/2-1/2

[Event "BL2 Ost 1718 (Women)"]
[Site "Germany"]
[Date "2018.01.28"]
[Round "5.2"]
[White "Jahn, Constanze"]
[Black "Lowke, Kathrin"]
[Result "1-0"]
[WhiteElo "2110"]
[BlackElo "1943"]
[PlyCount "77"]
[EventDate "2017.10.14"]
[EventType "team-tourn"]
[EventRounds "7"]
[EventCountry "GER"]
[SourceTitle "EXT 2019"]
[Source "ChessBase"]
[SourceDate "2018.10.10"]
[SourceVersion "1"]
[SourceVersionDate "2018.10.10"]
[SourceQuality "1"]
[WhiteTeam "Pankow Rotation (W)"]
[BlackTeam "Leipzig Lindenau (W)"]
[WhiteTeamCountry "GER"]
[BlackTeamCountry "GER"]

1. e4 c5 2. Nf3 e6 3. c3 Nc6 4. d4 cxd4 5. cxd4 Nf6 6. e5 Nd5 7. Nc3 Bb4 8. Bd2 Qa5 9. a3 Bxc3 10. bxc3 Qc7 11. Bd3 b6 12. 0-0 Bb7 13. Ng5 Nde7 14. Ne4 0-0 15. Qg4 Kh8 16. Qh3 Ng6 17. Ng5 h6 18. Nxf7+ Rxf7 19. Bxg6 Re7 20. Bg5 d6 21. Bxe7 Qxe7 22. exd6 Qxd6 23. Be4 Rf8 24. Rfe1 Bc8 25. Qh5 Ne7 26. Qe5 Qd7 27. Rad1 Nf5 28. d5 exd5 29. Rxd5 Qf7 30. Bxf5 Bxf5 31. Qe7 Qxd5 32. Qxf8+ Kh7 33. Qe7 a6 34. Qe5 Qd3 35. h3 Qd7 36. Qd4 Qc7 37. Re5 Bg6 38. Re6 b5 39. Rxa6 1-0

[Event "GER-chT Federal Cup (Women)"]
[Site "Braunfels"]
[Date "2017.06.16"]
[Round "3.5"]
[White "Lowke, Kathrin"]
[Black "Hartmann, Cora"]
[Result "0-1"]
[WhiteElo "1966"]
[BlackElo "1788"]
[PlyCount "140"]
[EventDate "2017.06.15"]
[EventType "team-swiss"]
[EventRounds "5"]
[EventCountry "GER"]
[SourceTitle "CBM 179 Extra"]
[Source "ChessBase"]
[SourceDate "2017.08.23"]
[SourceVersion "1"]
[SourceVersionDate "2017.08.23"]
[SourceQuality "1"]
[WhiteTeam "Sachsen (W)"]
[BlackTeam "Baden (W)"]
[WhiteTeamCountry "GER"]
[BlackTeamCountry "GER"]

1. e4 e5 2. Nf3 Nc6 3. Bb5 a6 4. Ba4 Nf6 5. 0-0 b5 6. Bb3 d6 7. h3 Na5 8. c3 Nxb3 9. Qxb3 Bb7 10. d3 Be7 11. Re1 0-0 12. Nbd2 c5 13. Nf1 Qc7 14. Ng3 Rfe8 15. Nf5 Bf8 16. Bg5 Nh5 17. Rad1 Nf4 18. Ne3 Ne6 19. Bh4 Nf4 20. Bg3 Nh5 21. Bh2 Nf6 22. Nh4 Rac8 23. f3 g6 24. Qc2 Bh6 25. Qf2 Nh5 26. Ng4 Bg5 27. g3 Bxh4 28. gxh4 Kh8 29. Kh1 Rf8 30. Ne3 Qd7 31. Qg2 f5 32. Rf1 fxe4 33. fxe4 Nf4 34. Bxf4 Rxf4 35. Rxf4 exf4 36. Ng4 Rf8 37. Rf1 d5 38. Kh2 dxe4 39. dxe4 Qe7 40. Nf2 Qxh4 41. Qf3 Qg3+ 42. Qxg3 fxg3+ 43. Kxg3 Bxe4 44. Rd1 Rf3+ 45. Kg2 Rd3+ 46. Kh2 Rxd1 47. Nxd1 Kg7 48. Kg3 Kf6 49. Kf4 Bb1 50. a3 g5+ 51. Ke3 h5 52. Nf2 Ke5 53. b4 Kd5 54. Kd2 Kc4 55. Nd1 cxb4 56. axb4 Be4 57. Ne3+ Kb3 58. Nd1 Bf5 59. Nf2 Kc4 60. Nh1 Bxh3 61. Ng3 h4 62. Ne4 g4 63. Nd6+ Kd5 64. Nf5 g3 65. Nxh4 Ke4 66. Ke2 g2 67. Nxg2 Bxg2 68. Kd2 Bf3 69. Kc2 Ke3 70. Kb3 Kd3 0-1

[Event "GER-chT Federal Cup (Women)"]
[Site "Braunfels"]
[Date "2017.06.16"]
[Round "2.5"]
[White "Morales Rivas, Lucia"]
[Black "Lowke, Kathrin"]
[Result "1/2-1/2"]
[WhiteElo "1721"]
[BlackElo "1966"]
[PlyCount "32"]
[EventDate "2017.06.15"]
[EventType "team-swiss"]
[EventRounds "5"]
[EventCountry "GER"]
[SourceTitle "CBM 179 Extra"]
[Source "ChessBase"]
[SourceDate "2017.08.23"]
[SourceVersion "1"]
[SourceVersionDate "2017.08.23"]
[SourceQuality "1"]
[WhiteTeam "Rheinland Pfalz (W)"]
[BlackTeam "Sachsen (W)"]
[WhiteTeamCountry "GER"]
[BlackTeamCountry "GER"]

1. d4 Nf6 2. Nc3 d6 3. e4 g6 4. f3 Bg7 5. Be3 Nbd7 6. Qd2 c5 7. dxc5 dxc5 8. 0-0-0 Qa5 9. e5 Nxe5 10. Bxc5 Be6 11. Bb5+ Nc6 12. Bxe7 Kxe7 13. Qd6+ Ke8 14. Bxc6+ bxc6 15. Qxc6+ Ke7 16. Qd6+ Ke8 1/2-1/2

[Event "BL2 Ost 1617 (Women)"]
[Site "Germany"]
[Date "2017.03.26"]
[Round "6.1"]
[White "Lowke, Kathrin"]
[Black "Reizniece Ozola, Dana"]
[Result "0-1"]
[WhiteElo "1928"]
[BlackElo "2243"]
[PlyCount "78"]
[EventDate "2016.10.22"]
[EventType "team-tourn"]
[EventRounds "7"]
[EventCountry "GER"]
[SourceTitle "EXT 2018"]
[Source "ChessBase"]
[SourceDate "2017.10.13"]
[SourceVersion "1"]
[SourceVersionDate "2017.10.13"]
[SourceQuality "1"]
[WhiteTeam "Dresden Gruen Weiss (W)"]
[BlackTeam "Zoerbig Loeberitz (W)"]
[WhiteTeamCountry "GER"]
[BlackTeamCountry "GER"]

1. e4 g6 2. d4 Bg7 3. Nf3 d6 4. Be3 Nf6 5. Nc3 c6 6. Qd2 b5 7. a3 0-0 8. Bh6 Qc7 9. Bxg7 Kxg7 10. Be2 Nbd7 11. 0-0 a6 12. Nh4 c5 13. Qg5 cxd4 14. Nf5+ Kh8 15. Nxd4 Bb7 16. Bd3 Ne5 17. Kh1 Qb6 18. Nce2 Nxd3 19. cxd3 Qc5 20. Qg3 e5 21. Rac1 Qb6 22. Nb3 Rac8 23. f4 Nh5 24. Qf3 f5 25. Rxc8 Rxc8 26. g4 fxe4 27. dxe4 Nf6 28. Ng3 exf4 29. Qxf4 Rf8 30. Qg5 d5 31. Nd2 Kg8 32. Qe5 dxe4 33. Ndxe4 Nxe4 34. Rxf8+ Kxf8 35. Nxe4 Qc6 36. Qh8+ Kf7 37. Qxh7+ Ke6 38. Qxg6+ Ke5 39. Kg2 Qxg6 0-1

[Event "BL2 Ost 1617 (Women)"]
[Site "Germany"]
[Date "2017.01.22"]
[Round "4.1"]
[White "Lowke, Kathrin"]
[Black "Wagner Michel, Annett"]
[Result "1-0"]
[WhiteElo "1928"]
[BlackElo "2132"]
[PlyCount "65"]
[EventDate "2016.10.22"]
[EventType "team-tourn"]
[EventRounds "7"]
[EventCountry "GER"]
[SourceTitle "EXT 2018"]
[Source "ChessBase"]
[SourceDate "2017.10.13"]
[SourceVersion "1"]
[SourceVersionDate "2017.10.13"]
[SourceQuality "1"]
[WhiteTeam "Dresden Gruen Weiss (W)"]
[BlackTeam "Rotation Pankow (W)"]
[WhiteTeamCountry "GER"]
[BlackTeamCountry "GER"]

1. e4 c5 2. Nf3 Nc6 3. d4 cxd4 4. Nxd4 Nf6 5. Nc3 d6 6. Be2 e6 7. 0-0 Be7 8. Kh1 a6 9. f4 Qb6 10. Be3 Qxb2 11. Na4 Qa3 12. c3 Nxd4 13. Bc1 Qxa4 14. Qxa4+ Nc6 15. Bf3 Bd7 16. Qb3 0-0 17. Ba3 Na5 18. Qb4 Nc6 19. Qb2 Rab8 20. Rab1 e5 21. Qd2 exf4 22. Bxd6 Bxd6 23. Qxd6 Rfe8 24. Qxf4 Ne5 25. Rfd1 Bb5 26. Rd6 Nd3 27. Qg3 Nd7 28. Rxb5 axb5 29. Rxd3 Nc5 30. Rd5 Rbc8 31. h3 Rc6 32. Qf2 b6 33. Qb2 1-0

[Event "GER-chT Federal Cup (Women)"]
[Site "Braunfels"]
[Date "2015.06.05"]
[Round "2.6"]
[White "Lowke, Kathrin"]
[Black "Zahn, Nicol"]
[Result "1/2-1/2"]
[WhiteElo "1806"]
[BlackElo "1791"]
[PlyCount "102"]
[EventDate "2015.06.04"]
[EventType "team-swiss"]
[EventRounds "5"]
[EventCountry "GER"]
[SourceTitle "CBM 167 Extra"]
[Source "ChessBase"]
[SourceDate "2015.09.14"]
[SourceVersion "1"]
[SourceVersionDate "2015.09.14"]
[SourceQuality "1"]
[WhiteTeam "Sachsen (W)"]
[BlackTeam "Hessen (W)"]
[WhiteTeamCountry "GER"]
[BlackTeamCountry "GER"]

1. e4 c5 2. Nf3 e6 3. d4 cxd4 4. Nxd4 a6 5. Nc3 Qc7 6. Be2 Nf6 7. 0-0 Be7 8. Kh1 0-0 9. f4 d6 10. Bf3 Nc6 11. Be3 Bd7 12. Qe1 Rac8 13. Qg3 Rfd8 14. Nxc6 Bxc6 15. Bd4 b5 16. a3 Qb7 17. Rf2 Ne8 18. Raf1 a5 19. Re1 b4 20. Nd1 Bf6 21. e5 Be7 22. Bxc6 Qxc6 23. f5 dxe5 24. fxe6 f6 25. Be3 Qxe6 26. axb4 Bxb4 27. Ref1 Bc5 28. h3 Kh8 29. Nc3 Bxe3 30. Qxe3 Nc7 31. Ra1 Nd5 32. Nxd5 Qxd5 33. Qa3 Qd4 34. Re2 h6 35. c3 Qc4 36. Rae1 Qc5 37. Qa4 Rd3 38. Qe4 Rcd8 39. Kh2 Qd5 40. Qa4 Rd2 41. c4 Qd3 42. Re3 Qc2 43. Qxc2 Rxc2 44. b3 Rdd2 45. Ra1 Rxg2+ 46. Kh1 Rgd2 47. Rg3 Ra2 48. Rc1 Kg8 49. Rgc3 Rd8 50. c5 Kf7 51. c6 Rdd2 1/2-1/2

[Event "GER-chT U20 Girls"]
[Site "Stuttgart"]
[Date "2007.12.28"]
[Round "4.2"]
[White "Lowke, Kathrin"]
[Black "Huellen, Alexandra"]
[Result "1-0"]
[WhiteElo "1696"]
[BlackElo "1492"]
[PlyCount "83"]
[EventDate "2007.12.27"]
[EventType "team-swiss"]
[EventRounds "7"]
[EventCountry "GER"]
[SourceTitle "EXT 2009"]
[Source "ChessBase"]
[SourceDate "2008.11.26"]
[SourceVersion "1"]
[SourceVersionDate "2008.11.26"]
[SourceQuality "1"]
[WhiteTeam "Leipzig Turm U20 Girls"]
[BlackTeam "Fritzdorf Gruen Weiss U20 Girls"]
[WhiteTeamCountry "GER"]
[BlackTeamCountry "GER"]

1. e4 c5 2. Nf3 Nc6 3. d4 cxd4 4. Nxd4 g6 5. Nc3 Bg7 6. Be3 d6 7. Bc4 Nf6 8. f3 0-0 9. Qd2 a6 10. Bb3 Ne5 11. 0-0-0 b5 12. h4 h5 13. Kb1 Bd7 14. Bh6 Rc8 15. Bxg7 Kxg7 16. Nd5 Nc4 17. Bxc4 Rxc4 18. Nxf6 Kxf6 19. Qg5+ Kg7 20. Nf5+ Bxf5 21. exf5 Rc5 22. g4 Rh8 23. Rhe1 e5 24. Qe3 Qe7 25. Qd3 Rc6 26. g5 Qc7 27. Rc1 Rc4 28. Re4 Rc6 29. f6+ Kh7 30. f4 Re8 31. Rf1 Rc8 32. Rc1 d5 33. Rxe5 Rc4 34. Re7 Qxf4 35. Rxf7+ Kh8 36. Qxg6 Qxc1+ 37. Kxc1 Rxc2+ 38. Qxc2 Rxc2+ 39. Kxc2 Kg8 40. g6 d4 41. Ra7 Kf8 42. Ra8# 1-0

[Event "GER-chT U20 Girls"]
[Site "Stuttgart"]
[Date "2007.12.28"]
[Round "3.2"]
[White "Riedel, Kristina"]
[Black "Lowke, Kathrin"]
[Result "1-0"]
[WhiteElo "1617"]
[BlackElo "1696"]
[PlyCount "47"]
[EventDate "2007.12.27"]
[EventType "team-swiss"]
[EventRounds "7"]
[EventCountry "GER"]
[SourceTitle "EXT 2009"]
[Source "ChessBase"]
[SourceDate "2008.11.26"]
[SourceVersion "1"]
[SourceVersionDate "2008.11.26"]
[SourceQuality "1"]
[WhiteTeam "Leipzig Gohlis U20 Girls"]
[BlackTeam "Leipzig Turm U20 Girls"]
[WhiteTeamCountry "GER"]
[BlackTeamCountry "GER"]

1. e4 c5 2. Nf3 e6 3. d4 cxd4 4. Nxd4 a6 5. Nc3 Qc7 6. Bd3 Nf6 7. 0-0 Nc6 8. Nb3 Be7 9. f4 d6 10. a4 0-0 11. a5 b5 12. axb6 Qxb6+ 13. Kh1 Bb7 14. Qe2 Nb4 15. Be3 Qc7 16. Na5 d5 17. Nxb7 Qxb7 18. exd5 Nfxd5 19. Nxd5 Nxd5 20. Bd4 Qc7 21. f5 exf5 22. Bxf5 Rae8 23. Qh5 g6 24. Bxg6 1-0

[Event "Sachsen-ch U18 Girls"]
[Site "Sebnitz"]
[Date "2007.04.14"]
[Round "7"]
[White "Lowke, Kathrin"]
[Black "Dietz, Constanze"]
[Result "1/2-1/2"]
[WhiteElo "1682"]
[BlackElo "1191"]
[PlyCount "77"]
[EventDate "2007.04.10"]
[EventType "swiss"]
[EventRounds "7"]
[EventCountry "GER"]
[SourceTitle "EXT 2008"]
[Source "ChessBase"]
[SourceDate "2007.11.25"]
[SourceVersion "1"]
[SourceVersionDate "2007.11.25"]
[SourceQuality "1"]

1. e4 e5 2. Nf3 Nc6 3. Bb5 d6 4. c3 Bd7 5. 0-0 Nf6 6. Re1 Ne7 7. Bxd7+ Qxd7 8. d4 Ng6 9. Bg5 Qe7 10. Qb3 b6 11. Qa4+ Qd7 12. Qb3 Be7 13. Nbd2 h6 14. Be3 0-0 15. Rad1 Qc6 16. Qc2 Nd7 17. Nb3 Bf6 18. Qd3 Rfd8 19. Nfd2 Qb7 20. Nc4 Be7 21. Qc2 Rac8 22. Rd2 Qb8 23. Red1 c6 24. dxe5 Ndxe5 25. Nxe5 dxe5 26. g3 Rxd2 27. Nxd2 Rd8 28. Rf1 Bd6 29. Nc4 Bc7 30. Nd2 c5 31. Qa4 Rd6 32. Rc1 Rf6 33. Qc4 Bd6 34. Qb5 Be7 35. Nc4 Qa8 36. Nd2 a6 37. Qb3 b5 38. Qc2 Qc6 39. b3 1/2-1/2

[Event "Sachsen-ch U18 Girls"]
[Site "Sebnitz"]
[Date "2007.04.13"]
[Round "5"]
[White "Reh, Rebecca"]
[Black "Lowke, Kathrin"]
[Result "1-0"]
[WhiteElo "1761"]
[BlackElo "1682"]
[PlyCount "103"]
[EventDate "2007.04.10"]
[EventType "swiss"]
[EventRounds "7"]
[EventCountry "GER"]
[SourceTitle "EXT 2008"]
[Source "ChessBase"]
[SourceDate "2007.11.25"]
[SourceVersion "1"]
[SourceVersionDate "2007.11.25"]
[SourceQuality "1"]

1. e4 c5 2. Nf3 e6 3. d4 cxd4 4. Nxd4 a6 5. Bd3 Qc7 6. 0-0 Nc6 7. Nxc6 bxc6 8. c4 Nf6 9. f4 Bc5+ 10. Kh1 d5 11. e5 Nd7 12. Qg4 g6 13. Nd2 Nb6 14. b3 Qd7 15. Rd1 Bb7 16. Bb2 0-0-0 17. a3 h5 18. Qe2 Be7 19. cxd5 Nxd5 20. Bxa6 Nxf4 21. Bxb7+ Qxb7 22. Qc4 Nd5 23. Bd4 Qb5 24. Qxb5 cxb5 25. Rdc1+ Kb7 26. Bc5 Bg5 27. Rc2 Rc8 28. Ne4 Be7 29. Rac1 Bxc5 30. Rxc5 Rxc5 31. Rxc5 Kb6 32. b4 Rf8 33. Nd6 Nc7 34. Ne4 Nd5 35. Kg1 Nc7 36. Kf2 Ra8 37. Rc3 Rd8 38. Kg3 Rd5 39. Nc5 Na6 40. Nxa6 Kxa6 41. Re3 Kb6 42. h4 Kc7 43. Kf4 Kd7 44. Ke4 Kc6 45. Rc3+ Kd7 46. Rc5 Rxc5 47. bxc5 Kc6 48. Kd4 Kc7 49. Kc3 Kb7 50. Kb4 Kc6 51. g3 Kd5 52. Kxb5 1-0

[Event "Sachsen-ch U18 Girls"]
[Site "Sebnitz"]
[Date "2007.04.13"]
[Round "6"]
[White "Richter, Sandra"]
[Black "Lowke, Kathrin"]
[Result "0-1"]
[WhiteElo "1003"]
[BlackElo "1682"]
[PlyCount "58"]
[EventDate "2007.04.10"]
[EventType "swiss"]
[EventRounds "7"]
[EventCountry "GER"]
[SourceTitle "EXT 2008"]
[Source "ChessBase"]
[SourceDate "2007.11.25"]
[SourceVersion "1"]
[SourceVersionDate "2007.11.25"]
[SourceQuality "1"]

1. e4 c5 2. Nf3 d6 3. c3 Nf6 4. Qc2 g6 5. d4 cxd4 6. cxd4 Bg7 7. Nc3 0-0 8. Bd3 Nc6 9. a3 Bg4 10. d5 Nb8 11. Nd2 Re8 12. f3 Bd7 13. Nc4 Qc7 14. a4 a6 15. Be3 Bxa4 16. Nxa4 Nbd7 17. Nab6 Rab8 18. Bd4 Nc5 19. e5 Nfd7 20. exd6 exd6+ 21. Be3 Nxb6 22. Kf2 Nxd3+ 23. Qxd3 Qxc4 24. Qxc4 Nxc4 25. Rhe1 Nxe3 26. Rxe3 Bd4 27. Rae1 Bxe3+ 28. Rxe3 Rxe3 29. Kxe3 Re8+ 0-1